000
00293nam a22001337a 4500
008
180920b xxu||||| |||| 00| 0 eng d
020
_a
9781565271500
041
_a
eng
080
_a
004
100
_a
30
101
_a
SHK
245
_a
Dos With With Windows
_c
Harry .L.P
942
_2
udc
_c
BK
999
_c
48121
_d
48121